Post-pandemic shifts in medical electronics GVCs and changing value dynamics amidst new digitalisation: An analysis based on Indian subsidiaries of EU-based corporations (Record no. 9144)
[ view plain ]
| 000 -LEADER | |
|---|---|
| fixed length control field | 02886nam a22003617u 4500 |
| 001 - CONTROL NUMBER | |
| control field | pwiiw7400 |
| 003 - CONTROL NUMBER IDENTIFIER | |
| control field | OSt |
| 005 - DATE AND TIME OF LATEST TRANSACTION | |
| control field | 20260516120019.0 |
| 008 - FIXED-LENGTH DATA ELEMENTS--GENERAL INFORMATION | |
| fixed length control field | 250922t2025 au ||||| |||| 00| ||eng d |
| 040 ## - CATALOGING SOURCE | |
| Transcribing agency | OSt |
| 041 ## - LANGUAGE CODE | |
| Language code of text/sound track or separate title | eng |
| 084 ## - OTHER CLASSIFICATION NUMBER | |
| Classification number | F14 |
| -- | F23 |
| -- | L64 |
| -- | O14 |
| Number source | jelc |
| 100 1# - MAIN ENTRY--PERSONAL NAME | |
| Personal name | Francis, Smitha |
| 245 10 - TITLE STATEMENT | |
| Title | Post-pandemic shifts in medical electronics GVCs and changing value dynamics amidst new digitalisation: An analysis based on Indian subsidiaries of EU-based corporations |
| 260 ## - PUBLICATION, DISTRIBUTION, ETC. | |
| Place of publication, distribution, etc. | Wien : |
| Name of publisher, distributor, etc. | Wiener Institut für Internationale Wirtschaftsvergleiche (wiiw), |
| Date of publication, distribution, etc. | 2025. |
| 300 ## - PHYSICAL DESCRIPTION | |
| Extent | 59 S., |
| Other physical details | 13 Tables and 29 Figures, |
| Dimensions | 30cm. |
| 490 1# - SERIES STATEMENT | |
| Series statement | wiiw Research Reports |
| Volume/sequential designation | 479 |
| 520 ## - SUMMARY, ETC. | |
| Summary, etc. | Realignments of global value chains (GVCs) are occurring at a time when the technological dynamics in manufacturing industries, including in healthcare-related industries like medical electronics, is undergoing significant changes due to the wave of new digitalisation. This study examines post-pandemic changes in global medical electronics value chains through industry-level trade analysis and the GVC participation of selected Indian subsidiaries of medical electronics companies based in the European Union (EU), focusing on the implications of digitalisation and data-centric strategies for capturing value. The study finds that post-COVID-19 realignments in the industry proceeded gradually until 2023. Meanwhile, digitalisation is leading to a gradual expansion in operations by EU-based medical device multinational corporations (MNCs) in India. This is shown to be due to the increased role of software for product design and process optimisation in digitalising value chains. Leading EU-based medical device MNCs are found to be leveraging India’s strengths in software design and data-analytics capabilities for co-developing their software-embedded ‘health systems’ and ‘solutions’. However, even when software and services exports from India went up with increasing digitalisation, the shares of the EU-based lead firm groups in total revenue of the Indian subsidiaries were found to increase. This occurred through imports of software-embedded medical devices and equipment along with imports of higher-valued proprietary software platforms, health systems and the like, which are patented and marketed by the EU-based lead firms or their foreign subsidiaries back to India.<br/> |
| 650 ## - SUBJECT ADDED ENTRY--TOPICAL TERM | |
| Topical term or geographic name entry element | digitalisation |
| 650 ## - SUBJECT ADDED ENTRY--TOPICAL TERM | |
| Topical term or geographic name entry element | GVCs |
| 650 ## - SUBJECT ADDED ENTRY--TOPICAL TERM | |
| Topical term or geographic name entry element | medical device industry |
| 650 ## - SUBJECT ADDED ENTRY--TOPICAL TERM | |
| Topical term or geographic name entry element | medical electronics |
| 650 ## - SUBJECT ADDED ENTRY--TOPICAL TERM | |
| Topical term or geographic name entry element | European MNCs |
| 650 ## - SUBJECT ADDED ENTRY--TOPICAL TERM | |
| Topical term or geographic name entry element | value distribution |
| 650 ## - SUBJECT ADDED ENTRY--TOPICAL TERM | |
| Topical term or geographic name entry element | digital value chains |
| 651 ## - SUBJECT ADDED ENTRY--GEOGRAPHIC NAME | |
| Geographic name | European Union |
| 651 ## - SUBJECT ADDED ENTRY--GEOGRAPHIC NAME | |
| Geographic name | India |
| 690 ## - LOCAL SUBJECT ADDED ENTRY--TOPICAL TERM (OCLC, RLIN) | |
| Topical term or geographic name as entry element | International Trade, Competitiveness and FDI |
| 690 ## - LOCAL SUBJECT ADDED ENTRY--TOPICAL TERM (OCLC, RLIN) | |
| Topical term or geographic name as entry element | Sectoral studies |
| 830 #0 - SERIES ADDED ENTRY--UNIFORM TITLE | |
| Volume/sequential designation | 479 |
| Bibliographic record control number | WIIW0000048 |
| Title of a work | wiiw Research Reports |
| 856 40 - ELECTRONIC LOCATION AND ACCESS | |
| Uniform Resource Identifier | <a href="https://wiiw.ac.at/p-7400.html">https://wiiw.ac.at/p-7400.html</a> |
| 942 ## - ADDED ENTRY ELEMENTS (KOHA) | |
| Koha item type | Paper |
| Withdrawn status | Lost status | Damaged status | Not for loan | Home library | Current library | Shelving location | Date acquired | Inventory number | Total Checkouts | Full call number | Barcode | Date last seen | Price effective from | Koha item type |
|---|---|---|---|---|---|---|---|---|---|---|---|---|---|---|
| WIIW | WIIW | Library | 09/23/2025 | pwiiw7400 | 5.600/479 | 1000010007400 | 09/23/2025 | 09/22/2025 | Paper |
